Five Nights At Freddy’s 2 Animatronic Entrance Point - Statistics

General Stats
  • This quiz has been taken 16 times
  • The average score is 16 of 17
Answer Stats
Animatronic Entrance Point % Correct
Toy Chica Left Vent
100%
Balloon Boy Left Vent
100%
Toy Bonnie Right Vent
100%
Toy Freddy The Hall
100%
Toy Chica The Hall
100%
Mangle The Hall
100%
Withered Freddy The Hall
100%
Withered Bonnie The Hall
100%
Withered Chica The Hall
100%
Withered Foxy The Hall
100%
Withered Golden Freddy The Hall
100%
The Puppet The Hall
100%
Withered Bonnie Left Vent
93%
Mangle Right Vent
93%
Withered Chica Right Vent
93%
JJ The Office
64%
Shadow Bonnie The Office
64%
No matching quizzes found
Score Distribution
Percent of People with Each Score
Percentile by Number Answered
Your Score History
You have not taken this quiz